Top 30 Most Popular Pets in the US - Statistics

General Stats
  • This quiz has been taken 68 times
  • The average score is 10 of 30
Answer Stats
Hint Answer % Correct
2 cat
100%
1 dog
100%
17 snake
87%
7 hamster
82%
4 bird
79%
14 rat
75%
5 rabbit
74%
12 turtle
57%
6 guinea pig
56%
16 chicken
48%
9 ferret
41%
10 gerbil
34%
8 iguana
31%
18 gecko
25%
15 chinchilla
20%
13 mice
16%
11 tortoise
16%
19 bearded dragon
15%
20 hedgehog
5%
21 sugar glider
5%
24 dove
3%
22 aquatic turtle
2%
29 axolotl
2%
3 freshwater fish
2%
28 hermit crab
2%
30 koi fish
2%
25 canaries
0%
27 degus
0%
26 finch
0%
23 skink
0%
No matching quizzes found
Score Distribution
Percent of People with Each Score
Percentile by Number Answered
Your Score History
You have not taken this quiz